000 00457nam a2200181Ia 4500
001 17141
005 20260306170403.0
008 260306t2020||||xx |||||||||||||| ||und||
041 _aESP
082 _a657.46
_bG24U
100 _aGarcía Quispe, José Luis
_eAUT
245 0 _aUtilización y contabilización de notas de crédito
260 _c2020
300 _a79 páginas :
_c24 cm.
650 _aGEN
654 _aCCO
942 _cLIB
_dJUS
_fJUS
_2ddc
_n
999 _c17141
_d17141